Akta Bank Islam 1983 (Akta 276) : (hingga 5hb Oktober 2006)

Bibliographic Details
Corporate Author: Lembaga Penyelidikan Undang-Undang
Format: Book
Published: Selangor : International Law Book Services , 2006
Series:Undang-undang Malaysia
Subjects:

MARC

LEADER 00000cam a2200000 7i4500
001 0000020658
005 20080701.0
008 080701
020 |a 9678917165 
090 0 0 |a 346.595082   |b MAL 
245 1 0 |a Akta Bank Islam 1983 (Akta 276) :   |b (hingga 5hb Oktober 2006)   |c disusun oleh Lembaga Penyelidikan Undang-Undang 
260 |a Selangor :   |b International Law Book Services ,   |c 2006 
440 |a Undang-undang Malaysia 
650 0 |a Banks and banking   |x Islamic law   |z Malaysia 
650 0 |a Banks and banking   |x law and legislation   |z Malaysia 
710 1 |a Lembaga Penyelidikan Undang-Undang 
999 |a 0001023692   |b Book   |c Adult Collection   |e Perbadanan Perpustakaan Awam Johor